[Event "Titled Tue 10th Jun Late"]
[Site "chess.com INT"]
[Date "2025.06.10"]
[Round "3"]
[White "Doric, Darko"]
[Black "Mishra, Abhimanyu"]
[Result "0-1"]
[WhiteTitle "IM"]
[BlackTitle "GM"]
[WhiteElo "2444"]
[BlackElo "2611"]
[WhiteFideId "14507200"]
[BlackFideId "30920019"]
[EventDate "2025.06.10"]

1. d4 d5 2. Nf3 Nf6 3. c3 Bf5 4. Bf4 e6 5. Nbd2 Bd6 6. Bxd6 cxd6 7. e3 O-O 8.
Be2 Nc6 9. O-O h6 10. a4 Rc8 11. Qb3 Qc7 12. Rfc1 e5 13. Qa3 Rfe8 14. Bf1 Qd7
15. a5 a6 16. Qa4 Rc7 17. b4 Na7 18. c4 Qxa4 19. Rxa4 dxc4 20. Rxc4 Rce7 21. Ra1
Be6 22. dxe5 dxe5 23. Rc5 Bd5 24. Rac1 Nc6 25. b5 axb5 26. Bxb5 Rb8 27. a6 Na7
28. axb7 Rbxb7 29. Bc4 Bxc4 30. R5xc4 g6 31. h3 Kg7 32. Ne4 Nxe4 33. Rxe4 Rb5
34. Ra4 Rd5 35. g4 Nb5 36. Ra5 e4 37. Nh4 Red7 38. Raa1 Nd6 39. Rd1 Nc4 40. Rxd5
Rxd5 41. Rc1 Ne5 42. Kg2 Rd2 43. Kg3 Nd3 44. Rf1 Kf6 45. Ng2 g5 46. h4 Ke5 47.
hxg5 hxg5 48. f4+ exf3 49. Rxf3 Ke6 50. Rf5 f6 51. Rf3 Ne5 52. Rf1 Ra2 53. Rb1
Ra4 54. Rb6+ Kf7 55. Rb7+ Kg6 56. Kf2 Nxg4+ 57. Kg3 Ne5 58. Rb3 Kf5 59. Ne1 Ke4
60. Nc2 Ra2 61. Nd4 Ra1 62. Ne6 Rf1 63. Nc5+ Kd5 64. Nb7 Rf3+ 65. Kg2 g4 66. Ra3
Nc4 0-1

[Event "Titled Tue 10th Jun Late"]
[Site "chess.com INT"]
[Date "2025.06.10"]
[Round "3"]
[White "Aliyev, Elnur"]
[Black "Avramidou, Anastasia"]
[Result "1-0"]
[WhiteTitle "CM"]
[BlackTitle "FM"]
[WhiteElo "2123"]
[BlackElo "2294"]
[WhiteFideId "13402617"]
[BlackFideId "4239873"]
[EventDate "2025.06.10"]

1. e4 e6 2. d4 d5 3. e5 c5 4. c3 Nc6 5. Nf3 Bd7 6. Bd3 Nge7 7. O-O Nf5 8. Bxf5
exf5 9. a3 Be6 10. b4 cxd4 11. Nxd4 Be7 12. Nxe6 fxe6 13. Be3 O-O 14. Bd4 Qc7
15. Nd2 Nxe5 16. Qe2 Bf6 17. Rfe1 Ng4 18. Qxe6+ Kh8 19. Nf3 Bxd4 20. cxd4 Rad8
21. Rac1 Qf7 22. Qxf7 Rxf7 23. Ne5 Nxe5 24. Rxe5 g6 25. Rc5 Rfd7 26. h4 Kg7 27.
Kh2 Kf6 28. Kg3 h6 29. Kf4 g5+ 30. hxg5+ hxg5+ 31. Kf3 b6 32. Rc6+ Rd6 33. Rxd6+
Rxd6 34. g4 f4 35. Rf5+ Kg6 36. Ke2 Rc6 37. Kd3 Rd6 38. b5 Rd7 39. a4 Rd6 40.
Kc3 Rd7 41. Kb3 Rd8 42. Kb4 Rd7 43. a5 Rd6 44. a6 Rd7 45. Kc3 Rc7+ 46. Kd3 Rd7
47. Re5 Kf6 48. Re8 Re7 49. Rf8+ Rf7 50. Rd8 Ke6 51. Rc8 Kd7 52. Rg8 Kd6 53.
Rg6+ Kd7 54. Rxg5 Kd6 55. Rg6+ Kd7 56. Ke2 Re7+ 57. Kf3 Re4 58. Rg7+ Kd6 59.
Rxa7 Rxd4 60. Rb7 Ra4 61. Rxb6+ Kc5 62. Rf6 Rb4 63. b6 Rxb6 64. Rxb6 Kxb6 65. g5
Kxa6 66. g6 1-0

[Event "Titled Tue 10th Jun Late"]
[Site "chess.com INT"]
[Date "2025.06.10"]
[Round "3"]
[White "Rustemov, Alexander"]
[Black "Oksendal, Martin"]
[Result "0-1"]
[WhiteTitle "GM"]
[BlackTitle "FM"]
[WhiteElo "2525"]
[BlackElo "2235"]
[WhiteFideId "4119002"]
[BlackFideId "1554107"]
[EventDate "2025.06.10"]

1. d4 Nf6 2. c4 g6 3. Nf3 Bg7 4. g3 O-O 5. Bg2 d5 6. cxd5 Nxd5 7. O-O Nb6 8. Nc3
Nc6 9. e3 Re8 10. Re1 e5 11. d5 Na5 12. e4 c6 13. Bg5 Bf6 14. Bxf6 Qxf6 15. h3
Nac4 16. b3 Nd6 17. dxc6 bxc6 18. Qe2 a5 19. Qe3 Rb8 20. Rac1 Nb5 21. Red1 Be6
22. Na4 Nxa4 23. bxa4 Nd4 24. Nxd4 exd4 25. Qxd4 Qxd4 26. Rxd4 Rec8 27. a3 c5
28. Rd3 c4 29. Rdc3 Rb3 30. f4 Rcb8 31. f5 gxf5 32. exf5 Bxf5 33. Bd5 Bxh3 34.
Bxc4 Rxc3 35. Rxc3 Rc8 36. Rc2 Bf5 37. Rf2 Rxc4 38. Rxf5 Rxa4 39. Rf3 Kg7 40.
Kg2 Kg6 41. Kh3 f5 42. Rc3 Kg5 43. Rf3 h5 44. Rc3 h4 45. Rd3 hxg3 46. Kxg3 Rg4+
47. Kf3 Rh4 48. Kg2 Rc4 49. Kg3 Rg4+ 50. Kf2 Rh4 51. Rd5 Ra4 52. Rd3 Kf4 53. Rh3
Ke4 54. Ke2 f4 55. Kf2 Rc4 56. Rb3 Rc2+ 57. Kf1 Ra2 58. Rh3 f3 59. Rh8 Rxa3 60.
Re8+ Kd4 61. Kf2 a4 62. Rf8 Kc3 63. Rxf3+ Kb2 64. Rf8 Rb3 65. Re8 a3 66. Re2+
Ka1 67. Re1+ Rb1 68. Re8 a2 69. Ke2 Kb2 70. Rb8+ Kc3 71. Rc8+ Kd4 72. Rd8+ Ke5 0-1

[Event "Titled Tue 10th Jun Late"]
[Site "chess.com INT"]
[Date "2025.06.10"]
[Round "3"]
[White "Azizoglu, Ferzan"]
[Black "Kalyani Sirin"]
[Result "0-1"]
[BlackTitle "WFM"]
[WhiteElo "2055"]
[BlackElo "2138"]
[WhiteFideId "6302726"]
[BlackFideId "33323500"]
[EventDate "2025.06.10"]

1. e4 e5 2. Bc4 Nf6 3. d3 Bc5 4. Nf3 d6 5. O-O h6 6. Bb3 c6 7. c3 Bb6 8. Nbd2
O-O 9. h3 Be6 10. Re1 Re8 11. Nf1 Nbd7 12. Ng3 Nf8 13. d4 Ng6 14. Be3 exd4 15.
Bxd4 Bxb3 16. Qxb3 Bxd4 17. Nxd4 Qc7 18. c4 Nf4 19. Rad1 d5 20. cxd5 cxd5 21.
exd5 N4xd5 22. Ndf5 Rxe1+ 23. Rxe1 Kh7 24. Qd3 g6 25. Ne3 Rd8 26. Nxd5 Nxd5 27.
Qf3 Kg8 28. Ne4 Kg7 29. Rd1 Rd7 30. g3 Qc6 31. Rd4 Nb6 32. Rxd7 Nxd7 33. Qe3 a6
34. Nc3 Nf6 35. g4 Kh7 36. Kh2 Qd6+ 37. Qg3 Qb4 38. Qf3 Kg7 39. Nd5 Qd6+ 40. Nf4
g5 41. Kg2 Qxf4 42. Qxf4 gxf4 43. Kf3 Nd5 44. Ke4 Nb4 45. Kxf4 Nd3+ 46. Ke3 Nxb2
47. f4 Nc4+ 48. Kd4 Nd2 49. Kc5 Kf6 50. Kb6 Ke6 51. Kxb7 Kd5 52. Kxa6 Ke4 53.
Kb6 Kxf4 54. a4 Kg3 55. a5 Nc4+ 56. Kb5 Nxa5 57. Kxa5 Kxh3 58. Kb5 Kxg4 59. Kc5
h5 60. Kd5 h4 61. Ke5 h3 62. Kf6 h2 63. Kxf7 h1=Q 0-1

[Event "Titled Tue 10th Jun Late"]
[Site "chess.com INT"]
[Date "2025.06.10"]
[Round "3"]
[White "Wang, Michael"]
[Black "Platzgummer, Fabian"]
[Result "1/2-1/2"]
[BlackTitle "IM"]
[WhiteElo "1868"]
[BlackElo "2293"]
[WhiteFideId "30920531"]
[BlackFideId "1617222"]
[EventDate "2025.06.10"]

1. e4 c6 2. d4 d5 3. exd5 cxd5 4. Bd3 Nf6 5. c3 Nc6 6. h3 g6 7. Nf3 Bf5 8. Be2
Bg7 9. O-O O-O 10. Re1 Re8 11. Bf4 Qb6 12. Qc1 Ne4 13. Nbd2 Rac8 14. Nb3 a5 15.
Be3 a4 16. Nbd2 Nxd2 17. Qxd2 Na5 18. Ne5 Red8 19. Bf3 Nc4 20. Nxc4 Rxc4 21. h4
Be4 22. Be2 Rcc8 23. Bd1 Qc6 24. Rc1 b5 25. h5 gxh5 26. Bxh5 Bg6 27. Bg4 e6 28.
Bf3 Rd7 29. Qe2 Rdc7 30. Bf4 Rb7 31. a3 Qc4 32. Qd2 Qc6 33. Be5 f6 34. Bg3 Re7
35. Bg4 Rce8 36. Bh4 Qd6 37. Rcd1 Rf7 38. Bg3 Qd7 39. Re2 f5 40. Bh3 h5 41. Rde1
Kh7 42. Qg5 Bh6 43. Qh4 f4 44. Bxe6 Rxe6 45. Rxe6 fxg3 46. Qxg3 Rg7 47. Qh4 Qf7
48. Re7 Qf5 49. Re8 Bg5 50. Qg3 Bf4 51. Qh4 Bg5 52. Qh2 Bf4 53. Qh4 Qg5 54. Qxg5
Bxg5 55. R8e5 Bf7 56. Kh2 Bf6 57. Rf5 Rg6 58. Re3 Kg7 59. Rxh5 Rxg2+ 60. Kxg2
Bxh5 61. Re1 Bg6 62. f3 Bg5 63. Kg3 Kf6 64. f4 Bh6 65. Re5 Bf7 66. Kh4 Bxf4 67.
Re1 Bg6 68. Rf1 Kf5 69. Rg1 Bf7 70. Rg7 Be6 71. Rb7 Ke4 72. Rxb5 Bc8 73. Ra5 Bd7
74. Ra7 Bb5 75. Ra5 Bc6 76. Ra6 Bd7 77. Ra7 Be8 78. Ra8 Bb5 79. Ra5 Bc6 80. Ra6
Bd7 81. Ra7 1/2-1/2

[Event "Titled Tue 10th Jun Late"]
[Site "chess.com INT"]
[Date "2025.06.10"]
[Round "3"]
[White "Povshednyi, Ivan"]
[Black "Deichmann, Esteban Horacio"]
[Result "0-1"]
[WhiteTitle "FM"]
[WhiteElo "2309"]
[BlackElo "2103"]
[WhiteFideId "14190907"]
[BlackFideId "167410"]
[EventDate "2025.06.10"]

1. d4 c5 2. d5 g6 3. c4 Bg7 4. e4 d6 5. Nc3 Bxc3+ 6. bxc3 e5 7. h4 f5 8. h5 Qf6
9. hxg6 hxg6 10. Rxh8 Qxh8 11. Bg5 Nf6 12. exf5 Bxf5 13. Ne2 Ne4 14. Be3 Nd7 15.
f3 Nef6 16. g4 Bxg4 17. fxg4 Nxg4 18. Qd3 Qh4+ 19. Kd2 O-O-O 20. Bg2 Nb6 21. Rh1
Nh2 22. Be4 Rh8 23. Kc2 Qg4 24. Bg1 Kb8 25. Rxh2 Rxh2 26. Bxh2 a5 27. Bg1 a4 28.
Be3 a3 29. Bc1 Qh5 30. Bxa3 Qg4 31. Bc1 Qh5 32. Bxg6 Qg4 33. Bf5 Qg8 34. Kb1 Qe8
35. Bb2 Qa4 36. Qc2 Qa6 37. Nc1 Qxc4 38. Qb3 Qf1 39. Qxb6 Qxf5+ 40. Ka1 Qf6 41.
a4 e4 42. a5 e3 43. a6 Qe7 44. Qxb7+ Qxb7 45. axb7 e2 46. Kb1 e1=Q 47. Kc2 Qe4+
48. Kb3 Qxd5+ 49. c4 Qd1+ 50. Kc3 Kxb7 51. Nb3 Qe1+ 52. Kc2 Qb4 53. Nd2 d5 54.
cxd5 Qa4+ 55. Kc1 Qb5 56. Nb1 Qd3 57. Nc3 c4 58. Ba1 Kb6 59. Kb2 Ka5 60. Ka3 Qc2
61. Bb2 Qb3# 0-1

[Event "Titled Tue 10th Jun Late"]
[Site "chess.com INT"]
[Date "2025.06.10"]
[Round "3"]
[White "Bhatia, Kanishka"]
[Black "Perez, Maximiliano"]
[Result "1-0"]
[WhiteTitle "WCM"]
[BlackTitle "IM"]
[WhiteElo "1965"]
[BlackElo "2362"]
[WhiteFideId "2410095"]
[BlackFideId "117234"]
[EventDate "2025.06.10"]

1. e4 c5 2. c3 Nf6 3. e5 Nd5 4. d4 cxd4 5. Nf3 Nc6 6. cxd4 d6 7. Nc3 Nxc3 8.
bxc3 e6 9. exd6 Bxd6 10. Bd3 b6 11. Qe2 Qc7 12. O-O Be7 13. Re1 O-O 14. Qe4 g6
15. Bf4 Bd6 16. Bh6 Rd8 17. Qh4 Bb7 18. Bg5 Be7 19. Qh6 Bc8 20. Bxe7 Qxe7 21.
Be4 Rd6 22. Rad1 Qf8 23. Qh4 Bb7 24. Ng5 Qg7 25. Re3 h6 26. Nf3 f5 27. Bc2 Rad8
28. Rde1 g5 29. Qh5 Bc8 30. Bb3 Re8 31. Ne5 Re7 32. Nxc6 Rxc6 33. Qf3 Rd6 34.
Qa8 Rd8 35. Qc6 Kh7 36. Bxe6 Bxe6 37. Rxe6 Rde8 38. Qd5 Rxe6 39. Rxe6 Rxe6 40.
Qxe6 f4 41. Qf5+ Kh8 42. Kf1 Qe7 43. Qc8+ Kg7 44. Qc6 Qa3 45. Qd7+ Kg6 46. Qe6+
Kg7 47. Qe5+ Kg6 48. Qe6+ Kg7 49. Qb3 Qc1+ 50. Ke2 Qg1 51. Qd5 Qxh2 52. Qe5+ Kg6
53. Qe4+ Kg7 54. d5 Qh5+ 55. f3 Qf7 56. Qe5+ Qf6 57. Qc7+ Qf7 58. d6 Kf6 59. d7
Qe7+ 60. Kd2 Qe3+ 61. Kc2 Qe2+ 62. Kb3 Qd1+ 63. Kb4 Qb1+ 64. Kc4 Qxa2+ 65. Kb5
Qb3+ 66. Kc6 Qc4+ 67. Kb7 Qd5+ 68. Kb8 Ke6 69. d8=Q 1-0

[Event "Titled Tue 10th Jun Late"]
[Site "chess.com INT"]
[Date "2025.06.10"]
[Round "3"]
[White "Labussiere, Victor"]
[Black "Xiong, Jeffery"]
[Result "0-1"]
[WhiteTitle "FM"]
[BlackTitle "GM"]
[WhiteElo "2312"]
[BlackElo "2639"]
[WhiteFideId "2183129"]
[BlackFideId "2047640"]
[EventDate "2025.06.10"]

1. c4 e6 2. Nf3 d5 3. d4 Nf6 4. e3 b6 5. Nc3 Bb7 6. cxd5 exd5 7. Bd3 Bd6 8. b3
O-O 9. Bb2 Re8 10. O-O a6 11. Rc1 Nbd7 12. Qc2 Ne4 13. Ne2 h5 14. Nd2 h4 15. h3
Qg5 16. Bxe4 dxe4 17. Nc4 Bf8 18. Ne5 Nxe5 19. dxe5 c5 20. Rcd1 Rad8 21. Rxd8
Rxd8 22. Rd1 Be7 23. Nf4 Bc6 24. Rd2 Qf5 25. Qd1 Rxd2 26. Qxd2 Kh7 27. Qe2 b5
28. Qc2 Qd7 29. Qe2 Qf5 30. Qc2 Kh6 31. Qd1 g6 32. Ba1 Qd7 33. Qe2 Bg5 34. Bc3
b4 35. Bb2 Bb5 36. Qe1 a5 37. Qc1 Qc6 38. a3 c4 39. axb4 axb4 40. bxc4 Qxc4 41.
Qa1 Bxf4 42. exf4 e3 43. fxe3 Qe2 44. Bd4 Bc6 45. Qf1 Qxf1+ 46. Kxf1 b3 47. Kf2
g5 48. g3 Kh5 49. fxg5 Kxg5 50. Bb2 Bd7 51. gxh4+ Kxh4 52. e4 Kxh3 53. Ke3 Kg3
54. Ba3 Kg2 55. Kd2 Kf3 56. Be7 Kxe4 57. Bf6 Be6 58. Kc3 Kf4 59. Kb2 Ke3 60. Bh8
Kd4 61. Bf6 Kd5 62. Bh8 f5 63. Bf6 f4 64. Kc3 Ke4 65. Bh4 Ke3 66. Kb2 f3 67. Kc3
f2 0-1

[Event "Titled Tue 10th Jun Late"]
[Site "chess.com INT"]
[Date "2025.06.10"]
[Round "3"]
[White "Miserendino, Alfredo"]
[Black "Guha, Eshan"]
[Result "0-1"]
[WhiteElo "2032"]
[BlackElo "2071"]
[WhiteFideId "101800"]
[BlackFideId "30958628"]
[EventDate "2025.06.10"]

1. e4 c6 2. d4 d5 3. Nc3 dxe4 4. Nxe4 Nf6 5. Nxf6+ exf6 6. c3 Bd6 7. Bd3 O-O 8.
Qc2 Re8+ 9. Be3 h5 10. O-O-O Be6 11. Kb1 Nd7 12. h4 Nf8 13. Nh3 Qa5 14. b3 Qc7
15. g3 Bg4 16. Rde1 a5 17. Nf4 Re7 18. Be2 Qd7 19. Bxg4 Qxg4 20. Qd1 Qf5+ 21.
Qc2 Qxc2+ 22. Kxc2 g6 23. Nd3 a4 24. b4 b5 25. Bd2 Nd7 26. Bf4 Rxe1 27. Rxe1 Bf8
28. a3 Nb6 29. Nb2 Nd5 30. Bd2 f5 31. Kd3 Rd8 32. Bg5 f6 33. Bd2 Kf7 34. Nd1 Nb6
35. Nb2 Bd6 36. Bf4 Bxf4 37. gxf4 Nd5 38. c4 Nxf4+ 39. Kd2 Rxd4+ 40. Kc3 Re4 41.
Rd1 Ne2+ 42. Kc2 Ke6 43. c5 Nd4+ 44. Kc3 Nf3 45. Rd6+ Ke7 46. Rxc6 Nxh4 47. Rc7+
Kd8 48. Rg7 Rg4 49. Nd3 Nf3 50. c6 Nd4 51. Nc5 Nxc6 52. Rg8+ Ke7 53. Rg7+ Kd6
54. Rd7+ Ke5 55. Re7+ Kf4 56. Rc7 Ne5 57. Rb7 h4 58. Rh7 Kf3 59. Ne6 Kg2 60. Nd4
h3 61. Nxb5 h2 62. Nd4 h1=Q 63. Rxh1 Kxh1 64. b5 Rf4 65. b6 Nd7 66. b7 Rxf2 67.
Nc6 Rf1 68. b8=Q Nxb8 69. Nxb8 Rf3+ 70. Kb4 Rb3+ 71. Kxa4 Rxb8 72. Ka5 f4 73.
Ka6 f3 74. Ka7 Rb2 75. a4 f2 76. a5 f1=Q 77. a6 Qf2+ 78. Ka8 Qf3+ 79. Ka7 Qe3+
80. Ka8 Qe8+ 81. Ka7 Qb8# 0-1

[Event "Titled Tue 10th Jun Late"]
[Site "chess.com INT"]
[Date "2025.06.10"]
[Round "3"]
[White "Turcsanyi, Vince Gergo"]
[Black "Martin Fuentes, Alberto"]
[Result "1/2-1/2"]
[WhiteTitle "FM"]
[BlackTitle "FM"]
[WhiteElo "2312"]
[BlackElo "2376"]
[WhiteFideId "791784"]
[BlackFideId "2292289"]
[EventDate "2025.06.10"]

1. e4 e6 2. d4 d5 3. Nd2 Be7 4. c3 c5 5. e5 Nc6 6. Ngf3 Qb6 7. dxc5 Bxc5 8. Qe2
a5 9. Nb3 a4 10. Nxc5 Qxc5 11. Be3 Qa5 12. Qb5 Qxb5 13. Bxb5 Bd7 14. c4 Nge7 15.
O-O-O Nb4 16. Bxd7+ Kxd7 17. Bc5 Nbc6 18. Ng5 Raf8 19. cxd5 exd5 20. f4 h6 21.
Ne4 Rc8 22. Bxe7 Nxe7+ 23. Kb1 Ke6 24. Nd6 Rc7 25. Nb5 Rc4 26. Nd4+ Kd7 27. g3
h5 28. Nc2 g6 29. Ne3 Rc5 30. Rd4 b5 31. Rhd1 Ke6 32. h3 Rhc8 33. g4 hxg4 34.
hxg4 g5 35. Nf1 Nc6 36. R4d2 gxf4 37. Rf2 Nxe5 38. Rxf4 f6 39. Ne3 Rh8 40. Nf5
Rh2 41. Nd4+ Ke7 42. Rdf1 Nd7 43. Nf5+ Kd8 44. Ne3 Re2 45. R4f3 d4 46. Nf5 Rcc2
47. Nxd4 Rxb2+ 48. Kc1 Rh2 49. Rd3 Rxa2 50. Kb1 Rhb2+ 51. Kc1 Rh2 52. Kb1 Rad2
53. Rxd2 Rxd2 54. Nxb5 Ke7 55. Rf4 Nc5 56. Rc4 Rd5 57. Nc3 Rd3 58. Rxc5 Kd6 59.
Rc4 Ke6 60. Nxa4 Kf7 61. Rf4 Kg6 62. Kc2 Rg3 63. Nc5 Kg5 64. Ne6+ Kg6 65. Kd2
Ra3 66. Ke2 Ra6 67. Nd4 Kg5 68. Re4 Ra3 69. Nf3+ Kg6 70. Kf2 Ra6 71. Kg3 f5 72.
Nh4+ Kg5 73. Nxf5 Ra3+ 74. Ne3 Ra5 75. Kf3 Rb5 76. Rf4 Rb3 77. Rf5+ Kg6 78. Kf4
Rb4+ 79. Kg3 Rb3 80. Rf3 Rb4 81. Ng2 Kg5 82. Nh4 Rxg4+ 83. Kh3 Rxh4+ 84. Kg3
Rg4+ 85. Kf2 Rf4 86. Rxf4 Kxf4 1/2-1/2

[Event "Titled Tue 10th Jun Late"]
[Site "chess.com INT"]
[Date "2025.06.10"]
[Round "3"]
[White "Bulgak, Damir"]
[Black "Sindarov, Islombek"]
[Result "0-1"]
[BlackTitle "CM"]
[WhiteElo "2213"]
[BlackElo "2129"]
[WhiteFideId "13528882"]
[BlackFideId "14205475"]
[EventDate "2025.06.10"]

1. d4 Nf6 2. c4 g6 3. Nc3 Bg7 4. g3 d6 5. Bg2 O-O 6. Nf3 Nbd7 7. O-O e5 8. e4 b6
9. Qc2 Bb7 10. dxe5 dxe5 11. Rd1 Ne8 12. Bg5 f6 13. Be3 Nd6 14. c5 Nxc5 15. Bxc5
bxc5 16. Qb3+ Kh8 17. Rxd6 Qxd6 18. Qxb7 Rab8 19. Qxa7 Rxb2 20. Rd1 Qb6 21. Qa4
c4 22. Rf1 Rb4 23. Qc2 c6 24. h4 f5 25. h5 f4 26. hxg6 fxg3 27. gxh7 Rb2 28. Na4
gxf2+ 29. Rxf2 Rxc2 30. Nxb6 Rxf2 31. Kxf2 c3 32. Ke2 Rd8 33. Ne1 Rd2+ 34. Kf3
c2 35. Nxc2 Rxc2 36. Bh3 Kxh7 37. Bf5+ Kh6 38. a4 Ra2 39. Ke3 Bf8 40. Kd3 Bc5
41. Nc4 Bd4 42. a5 Kg5 43. Bc8 Kf4 44. a6 Rh2 45. Nd6 Ra2 46. Bb7 Ra3+ 47. Kc2
Rc3+ 48. Kd2 Ra3 49. Kc2 c5 50. Nc4 Rc3+ 51. Kd2 Rxc4 52. a7 Be3+ 53. Kd3 Rd4+
54. Ke2 Rd2+ 55. Ke1 Kf3 56. a8=Q c4 57. Qf8+ Bf4 58. Qh8 Rd3 59. Qh5+ Ke3 60.
Qh3+ Kd4 61. Qd7+ Ke3 62. Qh3+ Kd4 63. Qg2 c3 64. Qa2 Ke3 65. Qe2+ Kd4 66. Ba6
Re3 67. Kd1 Rxe2 68. Bxe2 Kxe4 69. Kc2 Bd2 70. Bd3+ Ke3 71. Bf5 e4 72. Bg4 Kf2
73. Kd1 e3 74. Bh5 Kg3 75. Be2 Kf4 76. Bd3 Ke5 77. Be2 Kd4 78. Kc2 Kc5 79. Bf3
Kd4 80. Be2 Ke5 81. Kd1 Kf4 82. Kc2 Kg3 83. Kd1 Kf2 84. Bd3 Be1 85. Be2 c2+ 86.
Kxc2 Kxe2 0-1

[Event "Titled Tue 10th Jun Late"]
[Site "chess.com INT"]
[Date "2025.06.10"]
[Round "3"]
[White "Gasparyan, Erik R."]
[Black "Bouska, Jiri"]
[Result "1-0"]
[WhiteTitle "IM"]
[BlackTitle "FM"]
[WhiteElo "2372"]
[BlackElo "2318"]
[WhiteFideId "13315730"]
[BlackFideId "23722223"]
[EventDate "2025.06.10"]

1. Nf3 d5 2. b3 Nf6 3. Bb2 e6 4. e3 Bd6 5. Be2 O-O 6. O-O Re8 7. d4 Nbd7 8. c4
b6 9. Nc3 Bb7 10. cxd5 exd5 11. Rc1 a6 12. Qc2 Rc8 13. Rfd1 Ne4 14. Nxe4 dxe4
15. Nd2 Re6 16. g3 b5 17. Bg4 Re8 18. Qc3 Qe7 19. a4 Bd5 20. axb5 axb5 21. Ra1
Ra8 22. Qc2 Nf6 23. Be2 c6 24. Bc3 h5 25. Rxa8 Rxa8 26. Ra1 Rxa1+ 27. Bxa1 Qa7
28. Bc3 h4 29. Bf1 hxg3 30. hxg3 Qe7 31. Bg2 g6 32. Qa2 Bb4 33. Bxb4 Qxb4 34.
Qc2 Kg7 35. Nxe4 Nxe4 36. Bxe4 Bxe4 37. Qxe4 Qxb3 38. Qxc6 Qb1+ 39. Kh2 b4 40.
d5 b3 41. Qc3+ Kh7 42. d6 Qd1 43. Qf6 b2 44. Qxb2 Qxd6 45. Qd4 Qe6 46. Qf4 Kg7
47. Kg2 Qd5+ 48. Qf3 Qe6 49. e4 Qe5 50. Qd3 Qe6 51. Qd4+ Kh7 52. Kf3 Kg8 53. Qd5
Qf6+ 54. Ke3 Qc3+ 55. Qd3 Qc5+ 56. Kf3 Kg7 57. Kg2 Qe5 58. Qe3 Qe6 59. Qd4+ Kh7
60. Qd5 Qf6 61. e5 Qf5 62. Qd4 Qe6 63. Qf4 Kg7 64. Qe4 Kh7 65. Kf3 Qb3+ 66. Kg4
Qe6+ 67. Kf4 Kg7 68. g4 Qb3 69. Qd4 Qe6 70. Qd6 Qc4+ 71. Kg3 Qb3+ 72. f3 Kh7 73.
Qf6 Kg8 74. Kh4 Qc4 75. Kg5 Qc1+ 76. f4 Qd2 77. e6 Qd5+ 78. Qe5 Qc6 79. e7 Qe8
80. Kh6 f6 81. Qxf6 g5 82. Qg7# 1-0

[Event "Titled Tue 10th Jun Late"]
[Site "chess.com INT"]
[Date "2025.06.10"]
[Round "3"]
[White "Sapocinic, Semion"]
[Black "Cigan, Jason"]
[Result "1/2-1/2"]
[WhiteTitle "FM"]
[WhiteElo "2296"]
[BlackElo "2123"]
[WhiteFideId "13908693"]
[BlackFideId "2064022"]
[EventDate "2025.06.10"]

1. d4 Nf6 2. Nf3 d5 3. a3 Bf5 4. Bf4 e6 5. e3 c5 6. c3 Nc6 7. Bd3 Bxd3 8. Qxd3
c4 9. Qc2 Rc8 10. Nbd2 Bd6 11. O-O O-O 12. Bxd6 Qxd6 13. e4 Nxe4 14. Nxe4 dxe4
15. Qxe4 b5 16. Rfe1 Ne7 17. Ne5 Qd5 18. a4 b4 19. cxb4 Qxe4 20. Rxe4 Nd5 21. b5
c3 22. bxc3 Nxc3 23. Ree1 Rfd8 24. Nc6 Rd7 25. Re3 Nd5 26. Rb3 Rb7 27. Rc1 Kf8
28. Kf1 a6 29. Ke2 axb5 30. axb5 Ne7 31. Na5 Rxc1 32. Nxb7 Nd5 33. Nc5 Nb6 34.
Ra3 Rb1 35. Ra6 Nd5 36. Ra8+ Ke7 37. Ra7+ Ke8 38. Ne4 g6 39. Nd6+ Kd8 40. Nxf7+
Kc8 41. Nd6+ Kb8 42. Rb7+ Ka8 43. Rxh7 Nc3+ 44. Kd3 Nxb5 45. Nxb5 Rxb5 46. Rg7
Rg5 47. g3 Kb8 48. f4 Rh5 49. h4 Rh6 50. Ke4 Kc8 51. Ke5 Kd8 52. Kxe6 g5+ 53.
Ke5 gxh4 54. gxh4 Rxh4 55. f5 Ke8 56. d5 Rh1 57. f6 Re1+ 58. Kd6 Rf1 59. Re7+
Kd8 60. Re6 Rf5 61. Kc6 Rf1 62. Rd6+ Ke8 63. Kc5 Rc1+ 64. Kd4 Rd1+ 65. Ke4 Re1+
66. Kf3 Rf1+ 67. Kg2 Rf5 68. Kg3 Kf7 69. Kg4 Rxf6 70. Rd7+ Ke8 71. Rh7 Rd6 72.
Rh5 Rf6 73. Kg5 Rf1 74. Kg6 Rd1 75. Kf6 Kd7 76. Ke5 Re1+ 77. Kd4 Rd1+ 78. Ke4
Re1+ 79. Kd3 Rd1+ 80. Ke2 Rd4 81. Ke3 Rd1 82. Ke4 Kd6 83. Rh6+ Kd7 84. Rh7+ Kd6
85. Rh6+ Kd7 86. Ke5 Re1+ 87. Kd4 Rd1+ 88. Kc5 Rc1+ 89. Kb5 Rb1+ 90. Kc4 Rc1+
91. Kd3 Rd1+ 92. Ke4 Re1+ 93. Kf5 Rd1 94. Rh7+ Kd6 95. Rh8 Rxd5+ 96. Kf6 Ra5 97.
Rd8+ Kc7 98. Rd1 Rc5 99. Ke7 Rc4 100. Rd7+ Kc6 101. Rd8 Rc5 102. Rc8+ Kb5 103.
Rb8+ Kc4 104. Kd6 Rd5+ 105. Kc6 Rh5 106. Ra8 Rh6+ 107. Kd7 Kb5 108. Ra1 Rh7+
109. Kd6 Rh6+ 110. Kd5 Rh5+ 111. Ke4 Rh4+ 112. Kf5 Rb4 113. Rc1 Rb3 114. Ke5
Re3+ 115. Kd5 Rb3 116. Rc8 Rd3+ 117. Ke4 Rh3 118. Rb8+ Kc6 119. Rc8+ Kd7 120.
Rg8 Rh4+ 121. Ke5 Rh7 122. Ra8 Re7+ 123. Kd5 Rf7 124. Rb8 Ke7 125. Ke5 Rf1 126.
Rb7+ Kf8 127. Ke6 Re1+ 128. Kf6 Rf1+ 129. Kg5 Rg1+ 130. Kf4 Rg7 131. Rb8+ Kf7
132. Kf5 Rg1 133. Ra8 Rf1+ 134. Ke4 Re1+ 135. Kd5 Re7 136. Rh8 Rd7+ 137. Ke5
Re7+ 138. Kf5 Re1 139. Rh7+ Kg8 140. Rh4 Re8 141. Kf6 Rf8+ 142. Kg6 Ra8 143. Rb4
Ra6+ 144. Kg5 Kf7 145. Rb7+ Ke6 1/2-1/2

[Event "Titled Tue 10th Jun Late"]
[Site "chess.com INT"]
[Date "2025.06.10"]
[Round "3"]
[White "Csonka, Balazs"]
[Black "Sivakumar, Ashvin"]
[Result "1-0"]
[WhiteTitle "IM"]
[BlackTitle "FM"]
[WhiteElo "2467"]
[BlackElo "2175"]
[WhiteFideId "742910"]
[BlackFideId "5804655"]
[EventDate "2025.06.10"]

1. Nf3 Nf6 2. d4 d6 3. c4 g6 4. Nc3 Bg7 5. e4 O-O 6. Be2 e5 7. Be3 Nbd7 8. d5
Ng4 9. Bg5 Bf6 10. Bd2 Bg7 11. O-O a5 12. a3 Nc5 13. h3 Nf6 14. Bg5 a4 15. Nd2
h6 16. Be3 Nfd7 17. g4 Kh8 18. Kh2 b6 19. Rg1 Kh7 20. Qc2 Bf6 21. Nf3 Bg7 22.
Rg2 Kh8 23. Rh1 Nf6 24. Kg1 Bd7 25. Nd2 Nh7 26. h4 Qe7 27. h5 g5 28. Nf1 Nb3 29.
Ng3 Nd4 30. Qd1 Rfe8 31. f3 Nf8 32. Kh2 Qf6 33. Rf1 Qe7 34. Rff2 Kg8 35. Bf1 Qd8
36. Nge2 Nb3 37. Nc1 Nd4 38. N3e2 Nxe2 39. Nxe2 Bc8 40. Ng3 Nd7 41. Ne2 Nc5 42.
Nc3 Bd7 43. Be2 Bf6 44. Qf1 Bg7 45. Bd1 Bf6 46. Bc2 Bg7 47. Qd1 Qe7 48. Bxc5
bxc5 49. Bxa4 Reb8 50. Bxd7 Qxd7 51. Nb5 Bf6 52. Kh3 Be7 53. Rc2 Rb6 54. Rc3 Ra5
55. Rd2 Raa6 56. Rb3 Qc8 57. Nc3 Qb7 58. Rb5 Bd8 59. Qb3 Be7 60. Rd3 Bd8 61. Qc2
Be7 62. Kg2 Bd8 63. Kf1 Be7 64. Ke2 Bd8 65. Kd1 Kf8 66. Kc1 Ke8 67. Kb1 Be7 68.
Rxb6 Rxb6 69. Ne2 Kd8 70. Ng3 Kd7 71. Nf5 Bf8 72. Ka2 Qa6 73. Rb3 Qa4 74. Ne3
Kc8 75. Rxb6 Qxc2 76. Rb8+ Kxb8 77. Nxc2 Kb7 78. Ne3 Bg7 79. Nf5 Bf8 80. Kb3 Ka7
81. Ka4 Kb6 82. b4 Ka6 83. Ne3 Kb6 84. Nf1 Ka6 85. Nd2 Kb6 86. Nb1 Be7 87. Nc3
Bd8 88. Nb5 Ka6 89. Kb3 Kb6 90. Nc3 Be7 91. Na4+ Ka6 92. Nb2 Kb6 93. Nd1 Ka6 94.
Ne3 Kb6 95. Nf5 Bf8 96. Kc2 Ka6 97. Kb2 Kb6 98. Ka1 Ka7 99. Ng3 Be7 100. Ka2 Ka6
101. Kb3 Kb6 102. Nf1 Bf8 103. Ne3 Be7 104. Nd1 Bf6 105. Nc3 Be7 106. Nb5 Bd8
107. a4 Ka6 108. a5 Kb7 109. Ka4 Ka6 110. Na3 cxb4 111. Kxb4 c5+ 112. dxc6 Bxa5+
113. Ka4 Bd8 114. Nb5 Kb6 115. Nxd6 Kxc6 116. Nxf7 Bf6 117. Kb4 Be7+ 118. Kc3
Bf6 119. Nxh6 1-0

[Event "Titled Tue 10th Jun Late"]
[Site "chess.com INT"]
[Date "2025.06.10"]
[Round "4"]
[White "Izafatava, Kira"]
[Black "Becking, Stephan"]
[Result "0-1"]
[BlackTitle "IM"]
[WhiteElo "2036"]
[BlackElo "2410"]
[WhiteFideId "13521705"]
[BlackFideId "4632478"]
[EventDate "2025.06.10"]

1. e4 e6 2. d4 d5 3. Nc3 Nf6 4. Bg5 Be7 5. e5 Nfd7 6. h4 h6 7. Bxe7 Qxe7 8. Qg4
O-O 9. Rh2 c5 10. Rh3 cxd4 11. Rg3 f5 12. Qxd4 Nc6 13. Qe3 f4 0-1